000
00306nam a2200121Ia 4500
005
20260328104255.0
008
260328s9999||||xx |||||||||||||| ||und||
100
_a
Onetti, Juan Carlos
245
0
_a
Novelas Breves /
_c
Juan Carlos Onetti
260
_b
Eterna Cadencia
650
_a
LITERATURA
942
_c
BK
999
_c
10416
_d
10416